9 modernista routes close to Barcelona
Descripción Física:
[7] p. plegades : il. col. ; 21 cm
MARC
| LEADER | 00000nam a2200000Ia 4500 | ||
|---|---|---|---|
| 001 | 21108 | ||
| 008 | 160829s2007 xx 000 0 cat d | ||
| 080 | |a FU-30-78 | ||
| 245 | |a 9 modernista routes close to Barcelona | ||
| 250 | |a English ed. | ||
| 260 | |a Barcelona : |b Diputació de Barcelona. Oficina de Promoció Turística, |c 2007 | ||
| 300 | |a [7] p. plegades : |b il. col. ; |c 21 cm | ||
| 590 | |a A la portada: Turisme Total. | ||
| 590 | |a Variant del títol: Nine modernista routes close to Barcelona. | ||
| 590 | |a Hi ha un exemplar en català amb R. 19890, en castellà amb R. 21107 i en francès amb R. 21109 | ||
| 650 | 0 | |a Modernisme (Arquitectura) |x Barcelona (Província) |v Guies |9 21838 | |
| 710 | 1 | |a Barcelona (Catalunya : Província). |b Oficina de Promoció Turística |9 51402 | |
| 901 | |a Arxiu | ||
| 942 | |n 1 | ||
| 952 | |0 0 |1 0 |4 0 |6 FU3078 |7 1 |9 51195 |a Arxiu |b Arxiu |d 2016-12-01 |l 0 |o FU-30-78 |p 21108 |r 2016-12-01 00:00:00 |w 2016-12-01 |y ARXIU | ||
| 999 | |c 55038 |d 55038 | ||